000
00225nam a2200097Ia 4500
005
20251222114407.0
008
251222s1900||||xx |||||||||||||| ||spa||
082
_a
DVD0093/U61/2002
245
0
_a
Orientando tu Futuro
942
_c
DVD
999
_c
1883
_d
1883